|
|
|
|
| LEADER |
01514nam a2200301 a 4500 |
| 001 |
11223628 |
| 003 |
BD-DhAAL |
| 008 |
090720s2008 bg a s f000 0 mul d |
| 020 |
|
|
|a 9845088554
|
| 040 |
|
|
|a ViMcC
|c ViMcC
|d MH
|d NST
|d DLC
|d NST
|d DLC
|d DNAL
|d NST
|d NIC
|d NST
|d WaU
|d MH
|d OCoLC
|d InU
|d BD-DhAAL
|
| 082 |
0 |
|
|a 315.49/2
|2 19
|
| 245 |
0 |
0 |
|a Statistical pocket book of Bangladesh 2007 :
|b Bāṃlādeśa parisaṃkhyāna pakeṭa bai.
|
| 246 |
3 |
1 |
|a Bāṃlādeśa parisaṃkhyāna pakeṭa bai.
|
| 246 |
1 |
|
|i Title varies slightly:
|a Statistical pocketbook of Bangladesh
|
| 246 |
1 |
4 |
|a Statistical pocketbook.
|p Bangladesh
|f <1994->
|
| 260 |
|
|
|a Dacca :
|b Bangladesh Bureau of Statistics, Statistics Division, Ministry of Planning,
|c 2008.
|
| 300 |
|
|
|a xix. 506 pages :
|b illustrations ;
|c 14 cm.
|
| 310 |
|
|
|a Annual
|
| 500 |
|
|
|a Latest issue consulted: 2009.
|
| 526 |
|
|
|x Salim khan
Sr. program Associate
James P. Grant School.
Course name and no. N/A
|
| 541 |
1 |
|
|a A H Development publishing house
|e 00018459
|
| 546 |
|
|
|a Bengali and English.
|
| 651 |
|
0 |
|a Bangladesh
|v Statistics
|v Periodicals.
|
| 710 |
1 |
|
|a Bangladesh.
|b Parisaṃkhyāna Byuro.
|
| 852 |
4 |
|
|a School of Public Health.
|
| 942 |
|
|
|2 ddc
|c BK
|
| 999 |
|
|
|c 2552
|d 2552
|
| 952 |
|
|
|0 0
|1 0
|2 ddc
|4 0
|6 315_492000000000000_STA_2008
|7 0
|9 2325
|a JPGSPH
|b JPGSPH
|d 2009-04-28
|e A. H. Development Publishing House
|g 130.00
|l 0
|o 315.492 STA
|p 3060018459
|r 2009-07-21
|t 1
|w 2009-07-21
|y BK
|x Requisitioned by Salim khan, Sr. program Associate, James P. Grant School. Course name and no. N/A
|